| 000 | 00411nam a22001577a 4500 | ||
|---|---|---|---|
| 008 | 170201s2016 gt||||| |||| 00| 0 spa d | ||
| 082 | 0 | 4 |
_a861 _bT256t |
| 100 | 1 |
_aMoho. _95716 |
|
| 245 | 1 | 0 |
_aTedío / _cMoho. |
| 250 | _a1a ed. | ||
| 260 |
_aGuatemala : _bEdiciones Bizarras, _c[2016]. |
||
| 300 |
_a29 p. _bil. |
||
| 653 | 1 | 0 | _aLiteratura Latinoamericana |
| 653 | 1 | 0 | _aPoesía |
| 653 | 1 | 0 | _aLiteratura - Guatemala |
| 999 |
_c1132 _d1132 |
||